BB Jacques - New Blues, Old Wine - Statistiques

Statistiques générales
  • Ce quiz a été pris 76 fois
  • Le résultat moyen est 10 sur 18
Statistiques - réponses
Hint Réponse % Correct
18 ZANDVOORT PALACE
87%
1 HARMONIE
77%
9 PARDON
71%
3 INTÉRIEUR SCANDINAVE
67%
8 CINCINNATI
65%
2 NDSM
65%
12 FUCK LA FAME
63%
6 ALEX ADLER
56%
11 BLUE BIRD
54%
15 BB BUZZ
52%
17 BLEU PÉTROLE
50%
14 BIJOUTIER
48%
4 MÉTRO
48%
5 SPORT DE RICHE
48%
7 NO LOVE
46%
10 INTERLUDE
42%
16 PÉTALES
38%
13 RAINBOW (COLORS)
38%
Aucun quiz correspondant
Distribution des résultats
% des personnes avec chaque résultat
Percentile par nombre de réponses
Votre historique - résultats
Vous n’avez pas pris ce quiz